<?xml version="1.0" encoding="UTF-8"?>
<collection xmlns:xsi="http://www.w3.org/2001/XMLSchema-instance" xsi:schemaLocation="http://www.loc.gov/MARC21/slim http://www.loc.gov/standards/marcxml/schema/MARC21slim.xsd" xmlns="http://www.loc.gov/MARC21/slim">
 <record>
  <leader>00000cam a22000004i 4500</leader>
  <controlfield tag="001">UP-1685594773861954916</controlfield>
  <controlfield tag="003">Buklod</controlfield>
  <controlfield tag="005">20140506144707.0</controlfield>
  <controlfield tag="006">g||| |     ||   ||</controlfield>
  <controlfield tag="007">ta</controlfield>
  <controlfield tag="008">160505s2013    enkab   r    |||1 0|eng d</controlfield>
  <datafield tag="020" ind1=" " ind2=" ">
   <subfield code="a">9780470671726 (paper)</subfield>
  </datafield>
  <datafield tag="035" ind1=" " ind2=" ">
   <subfield code="a">(iLib)UPBAG-00013595828</subfield>
  </datafield>
  <datafield tag="037" ind1=" " ind2=" ">
   <subfield code="a">BC-64303</subfield>
   <subfield code="c">Php5,847.30</subfield>
  </datafield>
  <datafield tag="090" ind1=" " ind2="0">
   <subfield code="a">QE 711.2</subfield>
   <subfield code="b">C69 2013</subfield>
  </datafield>
  <datafield tag="100" ind1="1" ind2=" ">
   <subfield code="a">Cowen, Richard</subfield>
   <subfield code="d">1940- .</subfield>
   <subfield code="e">author.</subfield>
  </datafield>
  <datafield tag="245" ind1="1" ind2="0">
   <subfield code="a">History of life</subfield>
   <subfield code="c">Richard Cowen.</subfield>
  </datafield>
  <datafield tag="250" ind1=" " ind2=" ">
   <subfield code="a">Fifth edition.</subfield>
  </datafield>
  <datafield tag="264" ind1=" " ind2="1">
   <subfield code="a">Chichester, West Sussex, [England]</subfield>
   <subfield code="b">Wiley-Blackwell</subfield>
   <subfield code="c">©2013.</subfield>
  </datafield>
  <datafield tag="300" ind1=" " ind2=" ">
   <subfield code="a">ix, 302 pages</subfield>
   <subfield code="b">color illustrations, maps</subfield>
   <subfield code="c">28 cm</subfield>
  </datafield>
  <datafield tag="504" ind1=" " ind2=" ">
   <subfield code="a">Includes bibliographical references and index.</subfield>
  </datafield>
  <datafield tag="505" ind1="0" ind2=" ">
   <subfield code="a">Chapter 1. The Origin Of Life on Earth -- Chapter 2. Earliest Life on Earth Chapter -- 3. Sex and Nuclei: Eukaryotes -- Chapter 4. The Evolution of Metazoans -- Chapter 5. The Metazoan Radiation -- Chapter 6. Changing Life in a Changing World -- Chapter 7. The Early Vertebrates --  Chapter 8. Leaving the Water -- Chapter 9. Tetrapods and Amniotes -- Chapter 10. Early Amniotes and Thermoregulation -- Chapter 11. The Triassic Takeover -- Chapter 12. Dinosaurs -- Chapter 13. The Evolution of Flight -- Chapter 14. The Modernization of Land and Sea -- Chapter 15. The Origin of Mammals -- Chapter 16. The End of the Dinosaurs -- Chapter 17. Cenozoic Mammals -- Chapter 18. Geography and Evolution -- Chapter 19. Primates -- Chapter 20. Evolving Toward Humans -- Chapter 21. Life in the Ice Age -- Index .</subfield>
  </datafield>
  <datafield tag="520" ind1=" " ind2=" ">
   <subfield code="a">&quot;This text is designed for students and anyone else with an interest in the history of life on our planet. The author describes the biological evolution of Earth?s organisms, and reconstructs their adaptations to the life they led, and the ecology and environment in which they functioned. On the grand scale, Earth is a constantly changing planet, continually presenting organisms with challenges. Changing geography, climate, atmosphere, oceanic and land environments set a stage in which organisms interact with their environments and one another, with evolutionary change an inevitable result. The organisms themselves in turn can change global environments: oxygen in our atmosphere is all produced by photosynthesis, for example. The interplay between a changing Earth and its evolving organisms is the underlying theme of the book. The book has a dedicated website which explores additional enriching information and discussion, and provides or points to the art for the book and many other images useful for teaching. See: www.wiley.com/go/cowen/historyoflife&quot;.</subfield>
  </datafield>
  <datafield tag="650" ind1=" " ind2="0">
   <subfield code="a">Paleontology.</subfield>
  </datafield>
  <datafield tag="905" ind1=" " ind2=" ">
   <subfield code="a">FO</subfield>
  </datafield>
  <datafield tag="852" ind1="0" ind2=" ">
   <subfield code="a">UPBAG</subfield>
   <subfield code="b">UPBAG-MAIN</subfield>
   <subfield code="h">QE 711.2 C69 2013</subfield>
  </datafield>
  <datafield tag="942" ind1=" " ind2=" ">
   <subfield code="a">Book</subfield>
  </datafield>
 </record>
</collection>
